Gli anni felici : il lavoro dell'attore tra realtà e memoria /
I tiakina i:
| Kaituhi matua: | |
|---|---|
| Hōputu: | Pukapuka |
| Reo: | Itāriana |
| I whakaputaina: |
Milano :
Garzanti,
2004
|
| Rangatū: | Saggi
|
| Ngā marau: | |
| Ngā Tūtohu: |
Kāore He Tūtohu, Me noho koe te mea tuatahi ki te tūtohu i tēnei pūkete!
|
MARC
| LEADER | 00000nam a22000007i 4500 | ||
|---|---|---|---|
| 001 | IT\ICCU\RAV\1269362 | ||
| 003 | ItRI | ||
| 005 | 20250724170248.0 | ||
| 008 | 041115s2004 it |||||| ||||| |||||c | ||
| 020 | |a 8811597439 | ||
| 040 | |b ita |c ct | ||
| 041 | 7 | |a ita |2 ISO-639-2 | |
| 082 | |a 792.092 |2 21 | ||
| 100 | 1 | |a Lombardi, Sandro, |d (1951- ) |0 IT\ICCU\LO1V\033707 |4 aut | |
| 245 | 1 | 4 | |a Gli anni felici : |b il lavoro dell'attore tra realtà e memoria / |c Sandro Lombardi. |
| 246 | 1 | 3 | |a Gli anni felici : realtà e memoria nel lavoro dell'attore. |
| 260 | |a Milano : |b Garzanti, |c 2004 | ||
| 300 | |a 359 p. ; |c 22 cm. | ||
| 500 | |a Tit. della cop. | ||
| 650 | 7 | |a Lombardi, Sandro |x Autobiografia |2 scbi | |
| 650 | 7 | |a Teatro |x Diari e memorie |2 scbi | |
| 830 | 0 | |a Saggi |0 IT\ICCU\RAV\0025970 | |
| 942 | |2 ddc |c BK | ||
| 952 | |0 0 |1 0 |2 ddc |4 0 |6 B_LTR05LOMSAANN11 |7 0 |9 9051 |a MI |b MI |d 2011-02-14 |i 6164 |l 0 |o B-LTR05-LOMSA-ANN11 |p CDOM6164 |r 2025-07-17 21:50:43 |w 2025-07-17 |x ACQUISTO |y BK | ||
| 981 | 1 | |6 z01 |a i |b xxxe | |
| 982 | 1 | |6 z01 |a n | |
| 999 | |c 7541 |d 7541 | ||